STN EN 1004-2: 2022 (73 8115), Pojazdné pracovné dielcové lešenia Časť 2 Pravidlá a pokyny na vypracovanie návodu na obsluhu

Táto slovenská technická norma je slovenskou verziou európskej normy EN 1004-2: 2021. Preklad zabezpečil Úrad pre normalizáciu, metrológiu a skúšobníctvo Slovenskej republiky. STN EN 1004-2 má rovnaké postavenie, ako majú oficiálne verzie

Bibliographic Details
Corporate Author: Amberg Engineering Slovakia (Bratislava, Slovensko)
Other Authors: Tóth, Viktor (Translator)
Format: Book
Language:Slovak
English
Published: Bratislava Úrad pre normalizáciu, metrológiu a skúšobníctvo Slovenskej republiky 2022
Subjects:

MARC

LEADER 00000cam a2200000 a 4500
001 vtls012139068
003 SK-MaSNL
005 20260301105010.0
008 220613s2022 xo a fru 000 0 slo
015 |a SNBN2024 
040 |a SNK  |b slo  |c SNK  |e AACR2 
041 1 |a slo  |h eng 
044 |a xo  |c SK 
046 |a s  |m 20220601 (účin.) 
072 7 |a 624  |x Stavebné inžinierstvo  |2 konspekt 
080 |a 624.01/.07  |2 2011 
080 |a 006.7/.8  |2 2011 
080 |a (437.6)  |2 2011 
080 |a (4)  |2 2011 
084 |a 91.220  |2 ICS 
130 0 |a STN 73 8115 (STN EN 1004-2)  |9 444594 
245 1 0 |a STN EN 1004-2: 2022 (73 8115), Pojazdné pracovné dielcové lešenia  |n Časť 2  |p Pravidlá a pokyny na vypracovanie návodu na obsluhu 
246 1 0 |a Pojazdné pracovné dielcové lešenia. Časť 2 
246 1 0 |a Pravidlá a pokyny na vypracovanie návodu na obsluhu 
246 3 0 |a EN 1004-2: 2021 SK 
260 |a Bratislava  |b Úrad pre normalizáciu, metrológiu a skúšobníctvo Slovenskej republiky  |c 2022 
300 |a 16 s.  |b obr.  |c 30 cm 
500 |a Súbežný názov v angličtine, francúzštine, nemčine 
500 |a Spracovateľ: Amberg Engineering Slovakia, Bratislava, Viktor Tóth 
500 |a Táto slovenská technická norma nahrádza anglickú verziu STN EN 1004-2 z februára 2022, ktorá od 1.2.2022 nahradila STN EN 1298 z februára 2001 v celom rozsahu 
504 |a Normatívne referenčné dokumenty s. 2 ; literatúra s. 16 
520 8 |a Táto slovenská technická norma je slovenskou verziou európskej normy EN 1004-2: 2021. Preklad zabezpečil Úrad pre normalizáciu, metrológiu a skúšobníctvo Slovenskej republiky. STN EN 1004-2 má rovnaké postavenie, ako majú oficiálne verzie 
540 |a STN vydané na akomkoľvek nosiči sa môžu rozmnožovať a rozširovať iba so súhlasom určenej právnickej osoby  |b SÚTN Bratislava  |c zákon 60/2018 Z. z. 
650 0 7 |a stavebné konštrukcie  |2 SNKPH  |9 3695 
650 0 7 |a technické normy a štandardy  |z Slovensko  |2 SNKPH  |9 79594 
650 0 7 |a technické normy a štandardy  |z krajiny Európskej únie  |2 SNKPH  |9 289341 
650 0 7 |a lešenia  |2 SNKPH  |9 104102 
650 0 7 |a Structures  |2 SNKPHeng  |9 267357 
655 7 |a normy  |2 SNKPH  |9 70643 
700 1 |a Tóth, Viktor  |4 trl  |9 335386 
710 1 |a Slovensko.  |b Úrad pre normalizáciu, metrológiu a skúšobníctvo  |4 stn  |9 158117 
710 2 |a Slovenský ústav technickej normalizácie (Bratislava, Slovensko).  |b Technická komisia č. 118 Dočasné stavebné konštrukcie  |4 stn  |9 370879 
710 2 |a Amberg Engineering Slovakia (Bratislava, Slovensko)  |9 350524 
852 |a Štátna vedecká knižnica v Banskej Bystrici 
958 |a OP 
958 |a NB 
999 |c 699721  |d 701651 
952 |a SNK  |b SNK  |y PREZ  |7 0  |p 17A1540867  |o snkSTN EN 1004-2  |i snk2024/2105  |8 0  |0 0  |1 0  |4 0  |d 2024-02-07  |l 0  |r 2026-02-23 20:53:58  |w 2026-02-23